[Event "TSGM April"]
[Site "Belgrade YUG"]
[Date "2002.04.24"]
[Round "5"]
[White "Abramovic,B"]
[Black "Popovic,Dr"]
[Result "1/2-1/2"]
[WhiteElo "2509"]
[BlackElo "2329"]

1.d4 Nf6 2.c4 e6 3.Nf3 Bb4+ 4.Bd2 c5 5.Bxb4 cxb4 6.Nbd2 O-O 7.g3 d6 8.Bg2 Nc6
9.Nf1 Bd7 10.Ne3 Ne7 11.O-O a5 12.Qd3 Bc6 13.Rfc1 Be4 14.Qb3 b6 15.a3 bxa3
16.bxa3 Rb8 17.a4 Nc6 18.Qb2 Nb4 19.Bf1 Bxf3 20.exf3 d5 21.cxd5 Nfxd5 22.f4 Qe7
23.Qb3 g6 24.Bg2 Rfd8 25.Rc4 Kg7 26.Rac1 h5 27.h4 Rd7 28.Bf3 Qd8 29.Kg2 Qf6
30.Qb1 Ne7 31.Qe4 Rbd8 32.Rd1 Rd6 33.Qe5 Nec6 34.Bxc6 Nxc6 35.Qxf6+ Kxf6
36.Nc2 R8d7 37.Kf3 Ke7 38.Ke4 f5+ 39.Ke3 Kd8 40.Rb1 Ne7 41.Na3 Nd5+ 42.Kd2 Nb4
43.Nb5 Rd5 44.Re1 Ke7 45.Kc3 Na2+ 46.Kb3 Nb4 47.Re3 Rd8 48.Rc1 Rf8 49.Rce1 Rf6
50.Rc3 Rf8 51.f3 Rd7 52.Re5 Kf7 53.Nc7 Rd6 54.Nb5 Rc6 55.Ree3 Rd8 56.Rxc6 Nxc6
57.Rd3 Ke7 58.Rd1 Rd5 59.Kc4 Nb4 60.Rd2 Rd8 61.Kb3  1/2-1/2

[Event "59th ch-POL"]
[Site "Warsaw POL"]
[Date "2002.05.04"]
[Round "6"]
[White "Lagowski,P"]
[Black "Bartel,Mat"]
[Result "0-1"]
[WhiteElo "2321"]
[BlackElo "2417"]

1.d4 Nf6 2.c4 e6 3.Nf3 Bb4+ 4.Bd2 Qe7 5.g3 Nc6 6.Nc3 Bxc3 7.Bxc3 O-O 8.Bg2 Ne4
9.Rc1 Nb4 10.Qa4 a5 11.c5 Nd5 12.Qc2 f5 13.Nd2 Ndxc3 14.bxc3 Nxd2 15.Qxd2 Ra6
16.f4 b6 17.c6 b5 18.cxd7 Bxd7 19.O-O Bc6 20.Qd3 Bxg2 21.Kxg2 Qd7 22.e4 c5
23.Rfd1 Rd6 24.Rb1 b4 25.exf5 Rxf5 26.Qf3 Rfd5 27.a3 bxc3 28.Rb8+ Kf7 29.Qxc3 cxd4
30.Qf3 Qc7 31.Rdb1 Qc2+ 32.Kh3 Kg6 33.R1b5 h5 34.Rxd5 Rxd5 35.Rb6 Kh7 36.Rb8  0-1

[Event "ch-UKR"]
[Site "Alushta UKR"]
[Date "2002.05.05"]
[Round "3"]
[White "Anapolsky,S"]
[Black "Tishin,D"]
[Result "1/2-1/2"]
[WhiteElo "2407"]
[BlackElo "2294"]

1.d4 Nf6 2.Nf3 e6 3.c4 Bb4+ 4.Bd2 Qe7 5.g3 b6 6.Bg2 Bb7 7.O-O Bxd2 8.Qxd2 O-O
9.Nc3 d5 10.Ne5 Nbd7 11.cxd5 exd5 12.Nxd7 Qxd7 13.b4 c6 14.a4 Rac8 15.Rfc1 Rfd8
16.Rab1 Ba8 17.e3 Qe7 18.Qb2 h6 19.Bh3 Rc7 20.a5 Ne4 21.Nxe4 Qxe4 22.Qa3 h5
23.Rb3 h4 24.Rbc3 Qh7 25.Bf1 hxg3 26.hxg3 Qh6 27.axb6 axb6 28.Qa6 Rb8 29.Bg2 Qe6
30.Qa2 Qd7 31.Qb3 Rbc8 32.Bf3 Bb7 33.Be2 g5 34.Qb2 Kg7 35.Bf1 f6 36.b5 c5
37.dxc5 Rxc5 38.Qd2 d4 39.exd4 Qd5 40.f3 Rxc3 41.Rxc3 Rxc3 42.Qxc3 Qxf3 43.Qxf3 Bxf3
44.Kf2 Bd5 45.Ke3 Kf7  1/2-1/2

[Event "FSIM May"]
[Site "Budapest HUN"]
[Date "2002.05.06"]
[Round "3"]
[White "Papp,Ge"]
[Black "Berczes,C"]
[Result "0-1"]
[WhiteElo "2244"]
[BlackElo "2243"]

1.d4 Nf6 2.c4 e6 3.Nf3 Bb4+ 4.Bd2 Qe7 5.g3 Nc6 6.Bg2 Bxd2+ 7.Nbxd2 d6 8.e4 e5
9.d5 Nb8 10.O-O O-O 11.Ne1 Nbd7 12.b4 c5 13.dxc6 bxc6 14.Nb3 Bb7 15.Na5 Rab8
16.Nc2 Rfd8 17.Ne3 g6 18.Qa4 Nf8 19.a3 Qc7 20.f4 exf4 21.Rxf4 N6d7 22.Ng4 Ne5
23.Nf6+ Kg7 24.Raf1 Nfd7 25.Qc2 Nxf6 26.Rxf6 Ba6 27.Qc3 Kg8 28.Bh3 Rb6 29.Rd1 c5
30.b5 Bb7 31.Rf4 Ba8 32.Nb3 Rbb8 33.Nd2 Re8 34.Qe3 Qe7 35.Rh4 f5 36.Bg2 Nf7
37.Qf2 Ne5 38.exf5 Nd3 39.Qf1 Qe3+ 40.Kh1 Nf2+  0-1

[Event "FSIM May"]
[Site "Budapest HUN"]
[Date "2002.05.07"]
[Round "4"]
[White "Szabo,K"]
[Black "Berczes,C"]
[Result "0-1"]
[WhiteElo "2226"]
[BlackElo "2243"]

1.d4 Nf6 2.c4 e6 3.Nf3 Bb4+ 4.Bd2 Qe7 5.g3 Nc6 6.Bg2 Bxd2+ 7.Nbxd2 d6 8.O-O O-O
9.e4 e5 10.d5 Nb8 11.b4 Bg4 12.Qc2 Bxf3 13.Nxf3 Nfd7 14.Bh3 c5 15.Bxd7 Nxd7
16.b5 g6 17.Qe2 f5 18.Nd2 f4 19.a4 Rf7 20.Ra3 Raf8 21.Kg2 g5 22.g4 Nf6 23.f3 h5
24.h3 Rh7 25.a5 Kg7 26.Rb1 Rfh8 27.Nf1 Nd7 28.Nh2 Nf8 29.Rbb3 Ng6 30.Kg1 Rh6
31.a6 b6 32.Qf1 R8h7 33.Rc3 Qd8 34.Rcb3 Qh8 35.Rc3 Kf7 36.Rcb3 Ke7 37.Rc3 hxg4
38.fxg4 f3 39.Rxf3 Nf4 40.Kh1 Nxh3 41.Ra2 Nf4 42.Rff2 Rh4 43.Qd1 R7h6 44.Qf3 Qh7
45.Qe3 Rh3 46.Qe1 Nd3 47.Qe2 Nxf2+ 48.Qxf2 Rxh2+  0-1

[Event "ch-UKR w"]
[Site "Alushta UKR"]
[Date "2002.05.08"]
[Round "6"]
[White "Alexandrova,O"]
[Black "Vasilevich,T"]
[Result "0-1"]
[WhiteElo "2413"]
[BlackElo "2421"]

1.d4 Nf6 2.c4 e6 3.Nf3 Bb4+ 4.Bd2 Qe7 5.g3 Nc6 6.Bg2 Ne4 7.O-O Nxd2 8.Nbxd2 Bxd2
9.Qxd2 d6 10.b4 O-O 11.Rfc1 e5 12.d5 Nb8 13.c5 Nd7 14.cxd6 cxd6 15.Rc7 Qd8
16.Rac1 Nf6 17.Qc2 Rb8 18.Nd2 Bd7 19.Qb3 Rc8 20.Rxc8 Bxc8 21.Qa3 a6 22.Nc4 Bg4
23.b5 axb5 24.Nxd6 Qb6 25.Qc5 Qxc5 26.Rxc5 Bxe2 27.Nxb7 Bg4 28.Rxb5 Ra8 29.Na5 Kf8
30.d6 e4 31.h3 Be6 32.a3 Ke8 33.g4 h6 34.Bf1 Kd7 35.Nb7 Kc6 36.Rb2 Rxa3 37.Nd8+ Kxd6
38.Rd2+ Nd5 39.Bc4 Kc5 40.Nxe6+ fxe6 41.Bf1 Ra1 42.Kg2 Nf4+ 43.Kg3 g5 44.Rc2+ Kd4
45.Bb5 Ra3+ 46.Kh2 Rxh3+ 47.Kg1 Rh4 48.Be2 Nxe2+ 49.Rxe2 Rxg4+ 50.Kh2 h5
51.Ra2 Rf4 52.Kg2 Ke5 53.Ra5+ Kf6 54.Rb5 h4 55.Rb3 Rf3 56.Rb2 h3+ 57.Kg1 e3  0-1

[Event "Capablanca Mem Premier I"]
[Site "Havana CUB"]
[Date "2002.05.08"]
[Round "3"]
[White "Borges Mateos,J"]
[Black "Alvarez,Jose"]
[Result "1/2-1/2"]
[WhiteElo "2438"]
[BlackElo "2403"]

1.d4 Nf6 2.Nf3 e6 3.c4 Bb4+ 4.Bd2 Qe7 5.g3 Nc6 6.Bg2 Bxd2+ 7.Nbxd2 d6 8.O-O O-O
9.e4 e5 10.d5 Nb8 11.Ne1 a5 12.Nd3 Na6 13.f4 exf4 14.gxf4 Ng4 15.Qe2 Nb4
16.h3 Nh6 17.Rae1 Qh4 18.a3 Nxd3 19.Qxd3 Bd7 20.Qc3 Kh8 21.Re3 b6 22.b3 Rae8
23.Rg3  1/2-1/2

[Event "ch-UKR"]
[Site "Alushta UKR"]
[Date "2002.05.09"]
[Round "7"]
[White "Korobov,A"]
[Black "Rogovski,V"]
[Result "1-0"]
[WhiteElo "2512"]
[BlackElo "2423"]

1.d4 Nf6 2.c4 e6 3.Nf3 Bb4+ 4.Bd2 Be7 5.Nc3 d5 6.Bg5 h6 7.Bh4 O-O 8.e3 Ne4
9.Bxe7 Qxe7 10.Bd3 Nxc3 11.bxc3 dxc4 12.Bxc4 b6 13.O-O Bb7 14.Qe2 c5 15.Rad1 Nc6
16.e4 cxd4 17.cxd4 Rfd8 18.Rfe1 Rac8 19.Ba6 Bxa6 20.Qxa6 Nb4 21.Qa4 Nc2 22.Re2 Qa3
23.Qxa3 Nxa3 24.h4 Nb5 25.Red2 Nd6 26.Re2 Nc4 27.a4 Nd6 28.d5 exd5 29.Rxd5 Nb7
30.Nd4 Rc5 31.Nf5 Rcxd5 32.exd5 Kf8 33.Ne3 Rc8 34.Rd2 Rc1+ 35.Kh2 Nd6 36.Rd4 Rc3
37.h5 a6 38.Rb4 b5 39.axb5 axb5 40.Kg3 Ra3 41.Kf3 Ke7 42.Rg4 Kf6 43.Rf4+ Ke5
44.Rg4 Nf5 45.g3 Nxe3 46.fxe3 Ra6 47.Rxg7 Rf6+ 48.Ke2 Kxd5 49.Kd3 b4 50.g4 b3
51.Kc3 Rb6 52.Kb2 Ke6 53.g5 Rb5 54.g6 f6 55.Rg8 Rg5 56.Rh8 Kf5 57.Kxb3 Ke4
58.Rxh6 f5 59.Rh7 Kxe3 60.Re7+  1-0

[Event "ch-UKR w"]
[Site "Alushta UKR"]
[Date "2002.05.10"]
[Round "8"]
[White "Kononenko,T"]
[Black "Alexandrova,O"]
[Result "1-0"]
[WhiteElo "2370"]
[BlackElo "2413"]

1.d4 Nf6 2.c4 e6 3.Nf3 Bb4+ 4.Bd2 Qe7 5.g3 O-O 6.Bg2 Bxd2+ 7.Qxd2 d6 8.Nc3 e5
9.d5 a5 10.O-O Na6 11.Ne1 Bd7 12.e4 Nc5 13.Nd3 Nxd3 14.Qxd3 g6 15.f4 Nh5
16.f5 f6 17.Bf3 Ng7 18.g4 h5 19.h3 hxg4 20.hxg4 g5 21.Kg2 Kf7 22.Rh1 Rh8
23.c5 Rxh1 24.Rxh1 b6 25.c6 Bc8 26.Be2 Ba6 27.Qh3 Bxe2 28.Nxe2 Rg8 29.Qh7 Kf8
30.Qh6 Qf7 31.Nc3 Ke7 32.a3 Qf8 33.Qh7 Qf7 34.b4 axb4 35.axb4 Ne8 36.Qh3 Qg7
37.Nb5 Kf8 38.Kf3 Qf7 39.Ke3 Qe7 40.Kd3 Ng7 41.Qh6 Qd8 42.Kc4 Ke7 43.Qg6 Qa8
44.Kb3 Qa6 45.Rh7 Qxb5 46.Rxg7+ Rxg7 47.Qxg7+ Ke8 48.Qg8+ Ke7 49.Qe6+ Kf8
50.Qxf6+ Ke8 51.Qe6+ Kf8 52.Qc8+ Kg7 53.Qxc7+ Kg8 54.Qd8+ Kf7 55.Qd7+ Kg8
56.Qe8+ Kg7 57.Qe7+ Kh8 58.Qf8+ Kh7 59.Qf7+ Kh8 60.Qh5+ Kg7 61.Qxg5+ Kh8
62.Qd2 Qf1 63.c7 Qb1+ 64.Ka4  1-0

[Event "Elekes Mem IM"]
[Site "Budapest HUN"]
[Date "2002.05.19"]
[Round "2"]
[White "Lorincz,I"]
[Black "Harmon,C"]
[Result "1-0"]
[WhiteElo "2357"]
[BlackElo "2201"]

1.d4 Nf6 2.Nf3 e6 3.c4 Bb4+ 4.Bd2 c5 5.e3 O-O 6.Bd3 Bxd2+ 7.Nbxd2 d6 8.O-O Nc6
9.Ne4 cxd4 10.Nxf6+ Qxf6 11.exd4 e5 12.d5 Ne7 13.Qd2 h6 14.Qe3 Nf5 15.Bxf5 Bxf5
16.Rfc1 Rfc8 17.Rc3 Bg4 18.Nd2 Qd8 19.Rac1 b6 20.f4 f6 21.Rf1 Qd7 22.Qf2 b5
23.h3 Bh5 24.fxe5 dxe5 25.Qh4 Be2 26.Rxf6 h5 27.Re6 bxc4 28.Qe4 Bd3 29.Qxe5 Qf7
30.b3 Rf8 31.Nf3 Rac8 32.bxc4 Bxc4 33.Re7 Qg6 34.Nh4 Qf6 35.d6 Qf2+ 36.Kh2 Bf7
37.Rg3 g6 38.Rxg6+  1-0

[Event "2nd NAO Masters"]
[Site "Paris FRA"]
[Date "2002.05.19"]
[Round "7"]
[White "Marchand,F"]
[Black "Taimanov,M"]
[Result "1/2-1/2"]
[WhiteElo "2259"]
[BlackElo "2423"]

1.d4 Nf6 2.c4 e6 3.Nf3 Bb4+ 4.Bd2 a5 5.g3 b6 6.Bg2 Bb7 7.O-O O-O 8.Bf4 d5
9.Qc2 Bd6 10.Ne5 c5 11.dxc5 bxc5 12.Nd3 Nc6 13.cxd5 Nd4 14.Qd2 exd5 15.Bxd6 Qxd6
16.e3 Ne4 17.Qd1 Ne6 18.Nc3 f5 19.Rc1 Rfd8 20.Qa4 c4 21.Nxe4 fxe4 22.Nf4 Nc5
23.Qc2 Ba6 24.Qc3 Nd3 25.Rb1 Bb5 26.Ne2 Rf8 27.Qd4 Rf6 28.Nc3 Bc6 29.b3 cxb3
30.Rxb3 Raf8 31.Rb6 Nxf2 32.Rxf2 Rxf2 33.Nxe4 Rxg2+ 34.Kxg2 Qg6 35.Nd2 h5
36.e4 Qg4 37.Rxc6 Qe2+ 38.Kg1 Qe1+ 39.Kg2 Qe2+ 40.Kg1 Qd1+ 41.Kg2 Qe2+  1/2-1/2

[Event "Elekes Mem GM"]
[Site "Budapest HUN"]
[Date "2002.05.20"]
[Round "3"]
[White "Postny,E"]
[Black "Anka,E"]
[Result "1/2-1/2"]
[WhiteElo "2482"]
[BlackElo "2438"]

1.d4 Nf6 2.c4 e6 3.Nf3 Bb4+ 4.Bd2 Qe7 5.g3 Nc6 6.Nc3 Bxc3 7.Bxc3 Ne4 8.Rc1 O-O
9.Bg2 d6 10.d5 Nd8 11.O-O f5 12.Be1 e5 13.Nd2 Nxd2 14.Bxd2 f4 15.c5 Rf6 16.cxd6 cxd6
17.e3 fxg3 18.fxg3 Bf5 19.e4 Bg6 20.Rxf6 gxf6 21.Qg4 Kg7 22.h4 h5 23.Qe2 Nf7
24.Bh3 Rh8 25.a4 b6 26.a5 bxa5 27.Bxa5 Rb8 28.b4 Qe8 29.Rc6 Rb7 30.Qf3 Qh8
31.Rc2 Qh6 32.Rf2 Kh7 33.Kh2 Qc1 34.Bf5 Qh6 35.Bc8 Rb8 36.Be6 Rb7 37.Bc8 Rb8
38.Be6 Rb7 39.Qxf6 Bxe4 40.Bf5+ Bxf5 41.Qxf5+ Qg6 42.Qc8 Re7 43.Qf8 Rb7 44.Qc8 Re7
45.b5 Nh6 46.Rf8 Rf7 47.Rxf7+ Nxf7 48.b6 axb6 49.Bxb6 Qf6 50.Qc2+ Kg7 51.Be3 Qf3
52.Qd2 Kg6 53.Qc2+ Kf6 54.Qd2 Kf5 55.Qc2+ Kf6 56.Qd2 Qe4 57.Bg5+ Kg6 58.Be3 Qc4
59.Bg5 e4 60.Bf4 Qd3 61.Qg2 Qxd5 62.g4 hxg4 63.Qxg4+ Kf6 64.h5 Qf5 65.Qh4+ Kg7
66.Qg3+ Kh7 67.Bxd6 Qxh5+ 68.Kg2 Qe2+ 69.Kh3 Qh5+ 70.Kg2 Nxd6 71.Qxd6 Qf3+
72.Kh2 e3 73.Qc7+ Kg6 74.Qd6+ Kh5 75.Qe5+ Kg4 76.Qg7+ Kf4 77.Qf6+ Ke4 78.Qc6+ Kf4
79.Qf6+ Kg4 80.Qg6+ Kh4  1/2-1/2

[Event "9th RUS-chT"]
[Site "Ekaterinburg RUS"]
[Date "2002.05.21"]
[Round "5"]
[White "Iljushin,A"]
[Black "Moiseenko,A"]
[Result "1/2-1/2"]
[WhiteElo "2517"]
[BlackElo "2575"]

1.d4 Nf6 2.c4 e6 3.Nf3 Bb4+ 4.Bd2 c5 5.Bxb4 cxb4 6.g3 O-O 7.Bg2 d6 8.O-O a5
9.a3 Na6 10.Nbd2 Qc7 11.e3 b6 12.Ne1 Bb7  1/2-1/2

[Event "Elekes Mem IM"]
[Site "Budapest HUN"]
[Date "2002.05.26"]
[Round "9"]
[White "Bui Vinh"]
[Black "Harmon,C"]
[Result "1-0"]
[WhiteElo "2420"]
[BlackElo "2201"]

1.d4 Nf6 2.Nf3 e6 3.c4 Bb4+ 4.Bd2 c5 5.Bxb4 cxb4 6.Nbd2 O-O 7.e4 d6 8.Bd3 Nc6
9.O-O e5 10.d5 Nb8 11.a3 Na6 12.axb4 Nxb4 13.Qb3 a5 14.Bb1 Nd7 15.Ra3 Nc5
16.Qe3 f5 17.Nxe5 fxe4 18.h3 Qe7 19.Nef3 Bf5 20.Nd4 Bg6 21.f4 Bf7 22.Nxe4 Rae8
23.Nf5 Qd7 24.Nfxd6 Nxe4 25.Nxe4 Bg6 26.Qf3 Bxe4 27.Bxe4 Qe7 28.Re3 Qc5 29.Re1 Rf7
30.Qf2 Ref8 31.Rf3 Qxf2+ 32.Kxf2 Rxf4 33.Rxf4 Rxf4+ 34.Ke3 Rf8 35.c5 Re8
36.Rd1 Nc2+ 37.Kd3 Nb4+ 38.Kd4 Rd8 39.Kc4 Kf7 40.d6 b5+ 41.Kxb5 Rb8+ 42.Kxa5  1-0

[Event "Elekes Mem GM"]
[Site "Budapest HUN"]
[Date "2002.05.26"]
[Round "9"]
[White "Koneru,H"]
[Black "Danner,G"]
[Result "1-0"]
[WhiteElo "2486"]
[BlackElo "2407"]

1.d4 Nf6 2.c4 e6 3.Nf3 Bb4+ 4.Bd2 Qe7 5.g3 Nc6 6.Nc3 Bxc3 7.Bxc3 Ne4 8.Rc1 d6
9.Bg2 O-O 10.O-O e5 11.d5 Nb8 12.Be1 f5 13.Qc2 g6 14.Nd2 Ng5 15.f4 Nf7 16.e4 Na6
17.Bf2 Bd7 18.Rce1 Rae8 19.Qc3 Nc5 20.exf5 Bxf5 21.Bxc5 dxc5 22.fxe5 Nxe5
23.Re3 Bd3 24.Rxf8+ Kxf8 25.Nf3 Nxf3+ 26.Rxf3+ Bf5 27.g4 Qe1+ 28.Qxe1 Rxe1+
29.Bf1 Rb1 30.gxf5 Rxb2 31.fxg6+ Kg7 32.gxh7 Kxh7 33.Rf7+ Kg6 34.Rxc7 Rxa2
35.Rxb7 a5 36.Rb5 a4 37.Rxc5 a3 38.Ra5 Kf6 39.Ra6+ Ke5 40.h4 Ra1 41.h5  1-0

[Event "Elekes Mem GM"]
[Site "Budapest HUN"]
[Date "2002.05.28"]
[Round "11"]
[White "Koneru,H"]
[Black "Almasi,I"]
[Result "1/2-1/2"]
[WhiteElo "2486"]
[BlackElo "2437"]

1.d4 Nf6 2.c4 e6 3.Nf3 Bb4+ 4.Bd2 Qe7 5.g3 O-O 6.Bg2 Nc6 7.Nc3 Bxc3 8.Bxc3 Ne4
9.Rc1 d6 10.O-O Nxc3 11.Rxc3 e5 12.d5 Nb8 13.Nd2 a5 14.Qc2 Nd7  1/2-1/2

[Event "FSIM June"]
[Site "Budapest HUN"]
[Date "2002.06.02"]
[Round "2"]
[White "Husari,Sa"]
[Black "Eperjesi,L"]
[Result "1/2-1/2"]
[WhiteElo "2383"]
[BlackElo "2322"]

1.d4 Nf6 2.c4 e6 3.Nf3 Bb4+ 4.Bd2 a5 5.Nc3 O-O 6.Qc2 d5 7.e3 b6 8.cxd5 exd5
9.Bd3 Ba6 10.a3 Bxc3 11.Bxc3 Nbd7 12.O-O Re8 13.Bxa6 Rxa6 14.b4 axb4 15.axb4 Rxa1
16.Rxa1 b5 17.Ra5 Qb8 18.Ne5 g6 19.Qd3 Nb6 20.Qxb5 Ne4 21.Qd3 f6 22.Nf3 Qb7
23.Nd2 Nxd2 24.Bxd2 Nc4 25.Ra2 Ra8 26.Qb1 Nxd2 27.Rxd2 Qxb4 28.Rb2 Qa5 29.Qd1 Qa4
30.Qxa4 Rxa4 31.f3 Kf7 32.Rc2 Ra7 33.e4 dxe4 34.fxe4 f5 35.exf5 gxf5 36.Rc6 Ra4
37.Rxc7+ Ke6 38.Rxh7 Rxd4 39.Ra7 Kf6 40.Ra3 Kg5 41.Kf2 Rf4+ 42.Rf3 Ra4 43.Re3 Rf4+
44.Ke2 Ra4 45.Re8 Ra2+ 46.Kf3 Ra3+ 47.Re3 Ra1 48.Rb3 Ra4 49.g3 Ra2 50.h3 Ra6
51.h4+ Kf6 52.Kg2 Ke5 53.Kh3 Ra1 54.Rb2 Rh1+ 55.Rh2 Re1 56.Rf2 Re4 57.Ra2 f4
58.g4 Re3+ 59.Kh2 Rg3 60.Ra5+ Ke4 61.Ra4+ Kf3 62.g5 Rg4 63.Ra3+ Kf2 64.Ra2+ Kf3
65.Ra3+ Kf2 66.Ra2+ Kf3  1/2-1/2

[Event "FSIM June"]
[Site "Budapest HUN"]
[Date "2002.06.07"]
[Round "7"]
[White "Schwartz,Y"]
[Black "Eperjesi,L"]
[Result "1/2-1/2"]
[WhiteElo "2322"]
[BlackElo "2322"]

1.d4 Nf6 2.c4 e6 3.Nf3 Bb4+ 4.Bd2 a5 5.Nc3 O-O 6.g3 b6 7.Bg2 Ba6 8.b3 c6
9.O-O d5 10.cxd5 cxd5 11.a3 Bd6 12.Re1 Nbd7 13.e3 Ne4 14.Bf1 Bxf1 15.Kxf1 Nxc3
16.Bxc3 Rc8 17.Qd3 Qe7 18.Bb2 Rc7 19.Qb5 Rfc8 20.Rec1 g5 21.Rxc7 Rxc7 22.Rc1 Rxc1+
23.Bxc1 g4 24.Nd2 Nf6 25.Qxb6 Bxa3 26.Bxa3 Qxa3 27.Qc7 Qb4 28.Qf4  1/2-1/2

[Event "3rd IECC"]
[Site "Batumi GEO"]
[Date "2002.06.14"]
[Round "3"]
[White "Essing,A"]
[Black "Danner,G"]
[Result "1/2-1/2"]
[WhiteElo "2286"]
[BlackElo "2407"]

1.d4 Nf6 2.Nf3 e6 3.c4 Bb4+ 4.Bd2 Qe7 5.g3 Nc6 6.Bg2 Bxd2+ 7.Nbxd2 d6 8.O-O a5
9.e4 e5 10.d5 Nb8 11.b3 Na6 12.a3 c6 13.dxc6 bxc6 14.Ne1 Nc5 15.b4 Ne6 16.Nb3 axb4
17.axb4 Rb8 18.Nc2 O-O 19.Qd2 Qc7 20.Rfd1 Rd8 21.Qe3  1/2-1/2

[Event "3rd IECC"]
[Site "Batumi GEO"]
[Date "2002.06.15"]
[Round "4"]
[White "Magalashvili,D"]
[Black "Makharadze,J"]
[Result "0-1"]
[WhiteElo "2160"]
[BlackElo "2302"]

1.d4 Nf6 2.c4 e6 3.Nf3 Bb4+ 4.Bd2 c5 5.Bxb4 cxb4 6.Nbd2 O-O 7.g3 b6 8.Bg2 Bb7
9.O-O d6 10.Rc1 Nbd7 11.Qb3 a5 12.a3 bxa3 13.bxa3 Rb8 14.a4 e5 15.e3 Re8
16.Nb1 Ne4 17.Na3 Ndf6 18.Nb5 g6 19.h3 Qe7 20.Nc3 Nxc3 21.Rxc3 Bc6 22.d5 Bd7
23.Nd2 Rec8 24.Qa3 Be8 25.h4 Rd8 26.Rb3 Nd7 27.Rfb1 Nc5 28.Rxb6 Qc7 29.R6b2 Rxb2
30.Qxb2 Bxa4 31.h5 Bd7 32.f4 f6 33.Rf1 Rf8 34.Qc2 Bf5 35.e4 Bg4 36.hxg6 hxg6
37.Nf3 Bxf3 38.Bxf3 Kg7 39.Kg2 a4 40.Qc1 Rh8 41.fxe5 fxe5 42.Qe3 Qd7 43.g4 Qe7
44.Rh1 Rxh1 45.Kxh1 Qa7 46.Qa3 Qb6 47.Kg2 Qb3 48.Qc1 a3 49.g5 Qb2+  0-1

[Event "3rd IECC"]
[Site "Batumi GEO"]
[Date "2002.06.16"]
[Round "5"]
[White "Makharadze,J"]
[Black "Danner,G"]
[Result "1/2-1/2"]
[WhiteElo "2302"]
[BlackElo "2407"]

1.d4 Nf6 2.c4 e6 3.Nf3 Bb4+ 4.Bd2 Qe7 5.g3 Nc6 6.Bg2 Bxd2+ 7.Nbxd2 d6 8.O-O a5
9.Qb3 O-O 10.Qc3 e5 11.d5 Nb8 12.e4 Nbd7 13.Ne1 Nc5 14.Nd3 Nxd3 15.Qxd3 Nd7
16.f4 exf4 17.gxf4 f5 18.Qd4 fxe4 19.Nxe4 Nc5 20.Ng5 h6 21.Rae1 Qf6 22.Qxf6 Rxf6
23.Ne6 Bxe6 24.dxe6 Re8 25.h4 h5 26.f5 g6 27.Bh3 Kg7 28.fxg6 Rxg6+ 29.Kh2 Nxe6
30.Rf5 Rf8 31.Rxf8 Nxf8 32.Re7+ Kf6 33.Rxc7 Rg7 34.Rxg7 Kxg7 35.Kg3 Ng6 36.Bf1 Kf6
37.Be2 Ne7 38.Kf4 Nf5 39.Bxh5 Nxh4 40.Ke4 Nf5 41.Bg4 Ne7 42.a3 b6 43.Bd7 Kg5
44.Ke3 Kf6 45.Kd4 Kg5 46.Kc3 Kf4 47.b4 Ke5 48.bxa5 bxa5 49.Bh3 Nc6 50.Bg2 Nd4
51.Bd5 Nf5 52.Kd3 Ne7 53.Bb7 Ng6 54.Kc3 Nf4 55.Bc8 Ke4 56.Kb3 Kd4 57.Ka4 Kxc4
58.Kxa5 Kc5 59.Bb7  1/2-1/2

[Event "3rd IECC"]
[Site "Batumi GEO"]
[Date "2002.06.16"]
[Round "5"]
[White "Essing,A"]
[Black "Magalashvili,D"]
[Result "0-1"]
[WhiteElo "2286"]
[BlackElo "2160"]

1.d4 Nf6 2.Nf3 e6 3.c4 Bb4+ 4.Bd2 c5 5.Bxb4 cxb4 6.g3 b6 7.Bg2 Bb7 8.O-O O-O
9.Nbd2 d6 10.Qc2 Qe7 11.e4 e5 12.a3 bxa3 13.b4 Nc6 14.b5 Nxd4 15.Nxd4 exd4
16.Rxa3 d5 17.Rd3 dxe4 18.Rxd4 Rfe8 19.Re1 Qe5 20.Nb3 Rac8 21.Qa2 Qf5 22.Qxa7 Ng4
23.Rf1 Ba8 24.Qxb6 e3 25.f3 e2 26.Re1 Ne3 27.g4 Qc2 28.Rd2 Qxb3 29.Rdxe2 Qxc4
30.Rxe3 Rxe3 31.Rxe3 Qc1+ 32.Bf1 Bd5 33.Qd4 Bc4 34.Re8+ Rxe8 35.Qxc4 Qe3+
36.Kg2 Qd2+ 37.Kg3 h5 38.gxh5 Qe1+ 39.Kg4 Qf2 40.h4 Rd8 41.Qe2 Rd4+ 42.Kf5 Qg3
43.Qe3 Rd5+  0-1

[Event "6th Open"]
[Site "Voronezh RUS"]
[Date "2002.06.17"]
[Round "5"]
[White "Ulko,J"]
[Black "Khmelnitski,A"]
[Result "0-1"]
[WhiteElo "2479"]
[BlackElo "2460"]

1.d4 Nf6 2.Nf3 e6 3.c4 Bb4+ 4.Bd2 Qe7 5.Nc3 O-O 6.Qc2 d6 7.a3 Bxc3 8.Bxc3 Nbd7
9.e3 b6 10.Nd2 Bb7 11.f3 e5 12.d5 c6 13.dxc6 Bxc6 14.e4 Nc5 15.Be2 Nh5 16.g3 f5
17.b4 fxe4 18.bxc5 exf3 19.Nxf3 Bxf3 20.cxd6 Qxd6 21.Bb4 Qh6 22.Rf1 Bxe2
23.Rxf8+ Rxf8 24.Bxf8 Bg4 25.Qf2 Qc6 26.Be7 h6 27.Rc1 Qd7 28.Qf8+ Kh7 29.Qd8 Qf5
30.Rc3 Qb1+ 31.Kd2 Qd1+  0-1

[Event "ISYG-W14"]
[Site "Moscow RUS"]
[Date "2002.06.23"]
[Round "6"]
[White "Gunina,V"]
[Black "Khotenashvili,B"]
[Result "1-0"]
[WhiteElo "2132"]
[BlackElo "2127"]

1.d4 Nf6 2.c4 e6 3.Nf3 Bb4+ 4.Bd2 a5 5.a3 Bxd2+ 6.Qxd2 b6 7.Nc3 Bb7 8.e3 d6
9.Bd3 Nbd7 10.e4 e5 11.Bc2 O-O 12.O-O exd4 13.Qxd4 Re8 14.Rfe1 Nc5 15.Nd5 Nxd5
16.exd5 Qf6 17.Qxf6 gxf6 18.Nd4 Ba6 19.Rxe8+ Rxe8 20.b4 Nd7 21.Ba4 Re4 22.Rd1 Nf8
23.Bc2 Re8 24.b5 Bc8 25.h3 Nd7 26.f4 Nc5 27.Kf2 Bd7 28.Re1 Rxe1 29.Kxe1 Kg7
30.Ke2 Bc8 31.Kf3 Bd7 32.Kg3 Bc8 33.Kh4 Kh6 34.g4 Bd7 35.Kg3 Bc8 36.h4 Kg7
37.h5 Bd7 38.Kh4 Bc8 39.g5 fxg5+ 40.fxg5 f6 41.h6+ Kg8 42.gxf6 Bd7 43.Bxh7+ Kf7
44.Kg5  1-0

[Event "Milivoj Petrov Mem"]
[Site "Pancevo YUG"]
[Date "2002.06.28"]
[Round "5"]
[White "Halkias,S"]
[Black "Micic,C"]
[Result "1-0"]
[WhiteElo "2566"]
[BlackElo "2411"]

1.d4 e6 2.Nf3 Nf6 3.c4 Bb4+ 4.Bd2 Qe7 5.g3 Nc6 6.Nc3 O-O 7.Bg2 Bxc3 8.Bxc3 Ne4
9.Rc1 Nb4 10.Qa4 a5 11.O-O Ra6 12.Be1 d5 13.a3 Nc6 14.e3 Bd7 15.Qc2 Nd6 16.Nd2 dxc4
17.Nxc4 Nf5 18.Nd2 Rd8 19.Nb3 a4 20.Nc5 Ncxd4 21.exd4 Nxd4 22.Qe4 Bb5 23.Bb4 Ne2+
24.Kh1 Nxc1 25.Nxa6 Qf6 26.Rxc1 Qxb2 27.Qe1 Bxa6 28.Rxc7 h5 29.h4 Be2 30.Kh2 b5
31.Rc5  1-0

[Event "Open"]
[Site "Velika Gorica CRO"]
[Date "2002.06.28"]
[Round "7"]
[White "Devcic,D"]
[Black "Zaja,I"]
[Result "0-1"]
[WhiteElo "2191"]
[BlackElo "2459"]

1.d4 Nf6 2.c4 e6 3.Nf3 Bb4+ 4.Bd2 c5 5.Bxb4 cxb4 6.a3 bxa3 7.Rxa3 O-O 8.g3 Nc6
9.Bg2 d6 10.O-O Bd7 11.Nc3 a6 12.d5 exd5 13.cxd5 Nb4 14.Nd4 Re8 15.h3 Rc8
16.Re1 Rc4 17.Nb3 Bf5 18.Na5 Rxc3 19.bxc3 Nc2 20.Ra2 Nxe1 21.Qxe1 Qc7 22.c4 Nd7
23.Qb4 Nc5 24.Rb2 Kf8 25.Kh2 Qe7 26.Nb3 Nxb3 27.Rxb3 Bc8 28.e4 Qc7 29.f4 f6
30.g4 Re7 31.g5 a5 32.Qa3 a4 33.Rg3 fxg5 34.Rxg5 Bd7 35.e5 Qxc4 36.Qe3 a3
37.e6 g6 38.Qxa3 Qxf4+ 39.Rg3 Be8 40.Kh1 Kg8 41.Rf3 Qe5 42.Qa8 Qe1+ 43.Rf1 Qc3
44.Qa7 Qc8 45.Qd4 Bb5 46.Rf6 Rc7 47.Qf4 Qd8 48.Qg5 Rg7 49.Qf4 Qe7 50.Qf2 Bc4
51.Rf4 b5 52.Qb6 Qc7 53.Qa6 Qb8 54.Qa5 g5 55.Rd4 Ra7 56.Qc3 Qd8  0-1

[Event "1st Open"]
[Site "La Fere FRA"]
[Date "2002.07.01"]
[Round "3"]
[White "Housieaux,D"]
[Black "Dgebuadze,A"]
[Result "1/2-1/2"]
[WhiteElo "2308"]
[BlackElo "2537"]

1.d4 e6 2.c4 Nf6 3.Nf3 Bb4+ 4.Bd2 Qe7 5.g3 Nc6 6.Bg2 Bxd2+ 7.Nbxd2 d6 8.Nf1 O-O
9.Ne3 a5 10.O-O Nb8 11.Qa4 Nbd7 12.Qa3 Re8 13.Rfd1 Ra6 14.Rac1 b6 15.Nh4 Ra7
16.b4 Bb7 17.c5 Bxg2 18.Nhxg2 Raa8 19.cxb6 axb4 20.Qxb4 Nxb6 21.Rc2 Ra4 22.Qc3 Nfd5
23.Nxd5 Nxd5 24.Qc6 Rea8 25.e4 Nf6 26.Rdd2 h6 27.Ne3 R4a6 28.Qb7 R6a7 29.Qc6 Ra6
30.Qb7 R6a7 31.Qc6 Ra6  1/2-1/2

[Event "1st Open"]
[Site "La Fere FRA"]
[Date "2002.07.02"]
[Round "5"]
[White "Vanderstricht,G"]
[Black "Sarakauskiene,Z"]
[Result "1-0"]
[WhiteElo "2404"]
[BlackElo "2105"]

1.d4 Nf6 2.c4 e6 3.Nf3 Bb4+ 4.Bd2 a5 5.g3 O-O 6.Bg2 d5 7.O-O dxc4 8.Qc2 Nc6
9.Qxc4 Bd6 10.Nc3 e5 11.d5 Ne7 12.Rac1 c6 13.dxc6 Be6 14.Qa4 bxc6 15.Rfd1 h6
16.Be1 Qb8 17.Rd2 Bb4 18.Rdd1 Rc8 19.Nd2 Nfd5 20.Nde4 Nb6 21.Qc2 a4 22.Qb1 a3
23.b3 f5 24.Bh3 Kf7 25.Na4 Nxa4 26.Bxb4 fxe4 27.Bxe6+ Kxe6 28.bxa4 Nd5 29.Qxe4 Nf6
30.Rxc6+ Kf7 31.Rd7+ Nxd7 32.Qd5+  1-0

[Event "FSIMB July"]
[Site "Budapest HUN"]
[Date "2002.07.07"]
[Round "2"]
[White "Zimmerman,Y"]
[Black "Berczes,C"]
[Result "0-1"]
[WhiteElo "2343"]
[BlackElo "2316"]

1.d4 Nf6 2.c4 e6 3.Nf3 Bb4+ 4.Bd2 Qe7 5.g3 Nc6 6.Nc3 Bxc3 7.Bxc3 Ne4 8.Rc1 d6
9.Bg2 O-O 10.O-O e5 11.d5 Nxc3 12.Rxc3 Nb8 13.b4 Bg4 14.Qc2 a5 15.a3 axb4
16.axb4 Nd7 17.c5 Ra7 18.Rc1 Nf6 19.Nh4 g6 20.cxd6 cxd6 21.Rc7 Qd8 22.Qd2 Ne8
23.R7c4 Bd7 24.Nf3 b5 25.Qe3 Ra4 26.Rh4 f6 27.Bh3 Bxh3 28.Rxh3 Qd7 29.Kg2 Rxb4
30.Rc6 Qb7 31.Qc3 Ra4 32.Qb3 Rf7 33.Nd2 Rc7 34.Nb1 Rc4 35.Na3 Rc5 36.Nc2 R7xc6
37.dxc6+ Qf7 38.Qxf7+ Kxf7 39.Nb4 h5 40.g4 Rc4 41.Nd5 Rxg4+ 42.Kf1 Rc4 43.Rb3 Rxc6
44.Rxb5 f5 45.Rb8 Rc1+ 46.Kg2 Rc5 47.Rb7+ Ke6 48.Ne7 Rc7 49.Rxc7 Nxc7 50.Nxg6 Kf6
51.Nf8 Ne6 52.Nd7+ Kg5 53.e3 f4 54.e4 Nc5 55.Nb6 Nxe4 56.Kf3 Nf6 57.Nc8 e4+
58.Kg2 d5 59.Ne7 d4 60.h4+ Kg4 61.Nc6 d3 62.Ne5+ Kf5 63.Nc4 Ke6 64.Nb2 d2
65.f3 e3 66.Kf1 Nd5 67.Nd1 Ke5 68.Ke2 Kd4  0-1

[Event "Open"]
[Site "Oberwart AUT"]
[Date "2002.07.08"]
[Round "4"]
[White "Kuzmin,A"]
[Black "Danner,G"]
[Result "1-0"]
[WhiteElo "2582"]
[BlackElo "2369"]

1.d4 Nf6 2.c4 e6 3.Nf3 Bb4+ 4.Bd2 Qe7 5.g3 Nc6 6.Nc3 O-O 7.Bg2 Bxc3 8.Bxc3 Ne4
9.Qc2 f5 10.O-O d6 11.d5 Nd8 12.Nd2 Nxc3 13.Qxc3 e5 14.f4 Nf7 15.e4 Bd7 16.Rae1 Rae8
17.exf5 Bxf5 18.Nf3 Bg4 19.fxe5 Nxe5 20.Nxe5 Rxf1+ 21.Bxf1 dxe5 22.c5 Qf6
23.Bg2 b6 24.Qc4 Bh5 25.Rf1 Qd8 26.d6+ Kh8 27.Bc6 Rg8 28.d7 Qe7 29.b4 bxc5
30.Qxc5 Qg5 31.Rf8 h6 32.d8=Q Qxd8 33.Rxd8 Rxd8 34.Qxe5  1-0